期刊信息 |
| 索取号 |
C5/KFD
|
| 题名 |
开封大学学报
|
| 作者 |
|
| 分册号 |
|
| 分册名 |
|
| 出版地 |
开封
|
| 出版者 |
该刊编辑部
|
| 标准刊号 |
1008-343X
|
| 出版频率 |
季刊
|
| 中图法分类 |
Z
|
| 主题词 |
社会科学 连续出版物; 文集; 丛书
|
| 电子资源 | |
| |
|
| 000 | 00737nas0 2200313 45 | |
| 001 | 1196370002 | |
| 005 | 20070712082215.62 | |
| 011 | @a1008-343X@d年价¥10.00(1996) | |
| 100 | @a19951228 199 9999ek y0chiy0120 ea | |
| 101 | 0 | @achi |
| 102 | @aCN@b110000 | |
| 105 | @ay z 000yy | |
| 200 | 1 | @a开封大学学报@i社科版 |
| 207 | 0 | @a~=总~ |
| 210 | @a开封@b(邮码)@c该刊编辑部@d199~ | |
| 215 | @d26cm | |
| 326 | @a季刊 | |
| 517 | 1 | @a社科版@AShe Ke Ban |
| 541 | 1 | @aJournal of Kaifeng University@zeng |
| 606 | 0 | @a社会科学@x连续出版物 |
| 606 | 0 | @x文集 |
| 606 | 0 | @x丛书 |
| 690 | @aZ@v3 | |
| 690 | @aC5@v4 | |
| 692 | @v2 | |
| 701 | 0 | @4主编 |
| 711 | 02 | @4主办 |
| 801 | 0 | @aCN@bPFT@c20070712 |
| 905 | @a1@cQ@dC5@eKFD | |
| 开封大学学报.社科版.-~=总~.-开封((邮码)):该刊编辑部,199~ |
| 26cm |
| ISSN 1008-343X:年价¥10.00(1996) |
| ● |
| 相关链接: |
|
|
|
|